书目信息 |
| 题名: |
果酒果醋自己做
|
|
| 作者: | 侯熙良 , 双福 编著 | |
| 分册: | ||
| 出版信息: | 北京 农村读物出版社 2014 |
|
| 页数: | 80页 | |
| 开本: | 21cm | |
| 丛书名: | ||
| 单 册: | ||
| 中图分类: | TS262.7 , TS264.2 | |
| 科图分类: | ||
| 主题词: | 果酒--酿造--图集 , 食用醋--酿造--图集 , 果酒 , 食用醋 , 酿造 | |
| 电子资源: | ||
| ISBN: | 978-7-5048-5741-5 | |
| 000 | 00880nam0 2200313 450 | |
| 001 | 012015000013 | |
| 005 | 20151130142639.28 | |
| 010 | @a978-7-5048-5741-5@dCNY20.00 | |
| 100 | @a20141120d2014 em y0chiy50 ea | |
| 101 | 0 | @achi |
| 102 | @aCN@b110000 | |
| 105 | @aa z 001yy | |
| 106 | @ar | |
| 200 | 1 | @a果酒果醋自己做@Aguo jiu guo cu zi ji zuo@f侯熙良,双福编著 |
| 210 | @a北京@c农村读物出版社@d2014 | |
| 215 | @a80页@d21cm | |
| 300 | @a家有高厨系列 | |
| 330 | @a本书重点详细介绍如何利用家庭常见的水果制作出媲美超市销售的果酒、果醋。 | |
| 606 | 0 | @a果酒@x酿造@j图集 |
| 606 | 0 | @a食用醋@x酿造@j图集 |
| 606 | 0 | @a果酒 |
| 606 | 0 | @a食用醋 |
| 606 | 0 | @a酿造 |
| 690 | @aTS262.7@v5 | |
| 690 | @aTS264.2@v5 | |
| 701 | 0 | @a侯熙良@Ahou xi liang@4编著 |
| 701 | 0 | @a双福@Ashuang fu@4编著 |
| 801 | 0 | @aCN@b碧洲教育@c20151127 |
| 905 | @a10447@f4@dTS262.7@e189 | |
| 果酒果醋自己做/侯熙良,双福编著.-北京:农村读物出版社,2014 |
| 80页;21cm |
| 家有高厨系列 |
| ISBN 978-7-5048-5741-5:CNY20.00 |
| 本书重点详细介绍如何利用家庭常见的水果制作出媲美超市销售的果酒、果醋。 |
| ● |
| 相关链接 |
|
|
|
|
正题名:果酒果醋自己做
索取号:TS262.7/189
 
预约/预借
| 序号 | 登录号 | 条形码 | 馆藏地/架位号 | 状态 | 备注 |
| 1 | 0871744 | 208717441 | 第二样本阅览室/ [索取号:TS262.7/189] | 在馆 | |
| 2 | 0871745 | 208717450 | 第三借阅区/ [索取号:TS262.7/189] | 在馆 | |
| 3 | 0871746 | 208717469 | 第三借阅区/ [索取号:TS262.7/189] | 在馆 | |
| 4 | 0871747 | 208717478 | 第三借阅区/ [索取号:TS262.7/189] | 在馆 |